| 000 | 00365nam a22001457a 4500 | ||
|---|---|---|---|
| 003 | OSt | ||
| 005 | 20160727222347.0 | ||
| 008 | 160621b xxu||||| |||| 00| 0 eng d | ||
| 040 | _cTEST | ||
| 100 |
_9282 _a Whitehead, J, W |
||
| 245 | _aThe Second American Revolution | ||
| 260 |
_aAM _bDavid C.Cook _c1982 |
||
| 300 | _aThe Second American Revolution | ||
| 942 |
_2ddc _cBK |
||
| 999 |
_c229 _d229 |
||